Statistiken für Top 15 der betroffenen Covid-19-Länder - 29. September 2021

Klicken Sie hier um das Quiz zu spielen!

Allgemein

  • Dieses Quiz wurde 16 mal gespielt
  • Das Durchschnittsergebnis liegt bei 17 aus 26

Antwortstatistiken

Land% Korrekt
Deutschland
100%
Frankreich
100%
Italien
100%
Vereinigtes Königreich
100%
Vereinigte Staaten
100%
Brasilien
93%
Indien
93%
Kolumbien
93%
Russland
93%
Spanien
93%
Mexiko
87%
Argentinien
80%
Iran
80%
Schweden
80%
Türkei
73%
Indonesien
60%
Niederlande
53%
Israel
47%
Tschechien
47%
Serbien
33%
Slowenien
33%
Bahrain
20%
Estland
20%
Uruguay
20%
Georgien
13%
Litauen
13%

Verteilung der Resultate

Perzentil nach korrekt beantworteten Fragen

Anzahl Personen mit jedem Resultat

Ihre Resultats-Entwicklung

Sie haben dieses Quiz noch nicht gespielt